| 000 | 00891cam a2200253 4500 | ||
|---|---|---|---|
| 001 | ABS61326 | ||
| 008 | 000000n1999 000 0 eng u | ||
| 035 | _a(Sirsi) u100552 | ||
| 100 | _aKoehn, E. | ||
| 245 | _aProduction rates for international projects in Asia | ||
| 260 | _c1999 | ||
| 490 |
_aCost Engineering _v41(8) August 1999, 38-44(7) |
||
| 520 | _aCompares the labour needs for building construction in a developing country, Bangladesh, with those in a wealthy country, the US. The major costs of a construction project are linked to material, labour, and equipment. | ||
| 590 | _aABS | ||
| 650 | _aPRODUCTIVITY | ||
| 650 | _aBANGLADESH | ||
| 650 | _aUNITED STATES | ||
| 650 | _aBUILT ENVIRONMENT-BUILDING COSTS | ||
| 650 | _aLABOUR COSTS | ||
| 650 | _aINTERNATIONAL PROJECTS | ||
| 690 | _aBUILT ENVIRONMENT-BUILDING COSTS | ||
| 700 | _aAhmed, M.U. | ||
| 942 | _n0 | ||
| 999 |
_c60151 _d60151 |
||